000 00732nam a22002297a 4500
999 _c11816
_d11816
003 AR-CdUCM
008 190405b ||||| |||| 00| 0 spa d
040 _aMUNICIPALIDAD PROVINCIAL DEL CUSCO
_cBIBLIOTECA MUNICIPAL DEL CUSCO
082 _aES / 803 /
_bT16
100 _aTalaverano Rojas, Juana
_929371
245 _aSullu Paramanta Yachay /
260 _aApurimac :
_bKinko´s Impresores,
_c2009.
300 _a14 paginas ;
_bIlustraciones, graficos, dibujos,
_c21 cm.
500 _aCuentos en quechua
650 _aCuentos
_9217
650 _aHistoria
_9136
650 _aQuechua
_92063
650 _aTextos educativos
_910256
700 _aOlarte Huaman, Yesica
_929372
942 _2ddc
_cLIBROS
945 _apjha
_d2019-04-05